Statistics for Biggest Cities in California in 1950

Click here to take the quiz!

General Stats

  • This quiz has been taken 76 times
    (53 since last reset)
  • The average score is 14 of 20

Answer Stats

PopulationCountyAnswer% Correct
1,970,358Los AngelesLos Angeles
100%
384,575AlamedaOakland
100%
334,387San DiegoSan Diego
100%
775,357San FranciscoSan Francisco
100%
91,669FresnoFresno
97%
137,572SacramentoSacramento
97%
95,280Santa ClaraSan Jose
95%
250,767Los AngelesLong Beach
86%
70,853San JoaquinStockton
86%
63,058San BernardinoSan Bernardino
81%
113,805AlamedaBerkeley
76%
95,702Los AngelesGlendale
65%
104,577Los AngelesPasadena
62%
64,430AlamedaAlameda
57%
78,577Los AngelesBurbank
57%
71,595Los AngelesSanta Monica
54%
47,991Los AngelesCompton
43%
99,545Contra CostaRichmond
38%
51,116Los AngelesSouth Gate
11%
51,359Los AngelesAlhambra
8%

Score Distribution

Percentile by Number Answered

Percent of People with Each Score

Your Score History

You have not taken this quiz since the last reset